IMF Economic review [official research journal of the International Monetary Fund]
Gespeichert in:
| Format: | Schriftenreihe |
|---|---|
| Sprache: | Englisch |
| Veröffentlicht: |
New York
Palgrave Macmillan
2013
|
| Schlagworte: | |
| Tags: |
Keine Tags, Fügen Sie das erste Tag hinzu!
|
MARC
| LEADER | 00000nas2a2200000 4500 | ||
|---|---|---|---|
| 001 | 0239396 | ||
| 005 | 20180125130805.1 | ||
| 022 | |a 2041-4161 | ||
| 041 | 0 | |a eng | |
| 044 | |a US | ||
| 245 | 1 | 0 | |a IMF Economic review |b [official research journal of the International Monetary Fund] |
| 264 | 1 | |a New York |b Palgrave Macmillan |c 2013 | |
| 773 | 0 | |w eu_un_cat*0141960 | |
| 610 | 2 | 0 | |a financie medzinárodné |
| 610 | 2 | 0 | |a makroekonomika |
| 610 | 2 | 0 | |a obchod medzinárodný |
| 610 | 2 | 0 | |a ekonómia politická |
| 610 | 2 | 0 | |a trh práce |
| 610 | 2 | 0 | |a vývoj hospodársky |